[Event "Goldmoney Asian Rapid Prelims 2021"]
[Site "Chess24"]
[Date "2021.06.24"]
[Round "6.4"]
[White "Dubov, Daniil"]
[Black "So, Wesley"]
[Result "1/2-1/2"]
[WhiteElo "2714"]
[BlackElo "2770"]
[Annotator "TA"]
[PlyCount "62"]
[EventDate "2021.06.26"]
[EventType "tourn"]
[EventCountry "NET"]
[Tiebreak "Koya+Number of black wins+Number of wins"]
[SourceTitle "playchess.com"]
[Source "ChessBase"]
[SourceQuality "1"]

{[%evp 25,62,0,0,0,0,0,0,-7,0,-45,-41,-92,-84,-135,-136,-183,-48,-40,-40,-50,
-44,-45,-41,-31,-45,-25,-39,-58,0,-24,-12,-15,0,0,0,-25,0,0,0]} 1. d4 d5 2. c4
dxc4 3. Nf3 Nf6 4. e3 e6 5. Bxc4 a6 6. O-O c5 7. a4 Nc6 8. Qe2 cxd4 9. Rd1 Be7
10. exd4 O-O 11. Nc3 Nb4 12. Ne5 Bd7 13. Bg5 Bc6 14. Nxc6 {D27: Queen's Gambit
Accepted: Classical main line: 7 e4!? and 7 a4.} bxc6 15. a5 Qc7 16. Bh4 Rfd8 {
[#]} 17. Na4 $146 ({Predecessor:} 17. Bg3 Qa7 18. Be5 Nd7 19. Bf4 Nf6 20. Na4
Rxd4 21. Rxd4 Qxd4 22. Nb6 Re8 23. Be5 Qc5 24. Bxa6 {1/2-1/2 (26) Kozlov,V 
(2404)-Seelig,J (2323) ICCF email 2015}) 17... Qxa5 18. Bxe6 ({White should
play} 18. Nc5 $15 Qc7 19. Bg3) 18... fxe6 $17 19. Qxe6+ (19. Nc5 $142 Qb5 20.
Qxe6+ {[%mdl 64] Double Attack} Kf8 21. Re1) 19... Kf8 $1 {Threatens to win
with ...Nc2.} 20. Nc5 {[#]} Qc7 (20... Rxd4 $1 $19 {[%mdl 512]} 21. Nd7+ Rxd7
22. Qxd7 {[#]} Qxa1 $3 {[%mdl 512]} 23. Bxf6 Qxd1+ $3 {[%mdl 512]} 24. Qxd1
Bxf6 25. Qd6+ Be7) 21. Bxf6 $15 gxf6 ({Of course not} 21... Bxf6 $6 22. Qc4 $11
) 22. Ra3 $1 {[%cal Ra3g3] Rg3 is the strong threat.} Qc8 23. Qe3 {aiming for
Qh6+.} Qf5 24. Ne6+ {[%mdl 64] Double Attack} Kf7 $1 25. Nxd8+ Rxd8 26. Qe2 Bf8
(26... Bd6 $15) 27. Rf3 Qc2 28. Rd2 Qb1+ 29. Rd1 Qc2 30. Rd2 Qb1+ 31. Rd1 Qc2 {
Weighted Error Value: White=0.13/Black=0.15} 1/2-1/2

[Event "Goldmoney Asian Rapid Prelims 2021"]
[Site "Chess24"]
[Date "2021.06.24"]
[Round "6.5"]
[White "Artemiev, Vladislav"]
[Black "Hou, Yifan"]
[Result "1-0"]
[WhiteElo "2704"]
[BlackElo "2658"]
[Annotator "TA"]
[PlyCount "63"]
[EventDate "2021.06.26"]
[EventType "tourn"]
[EventCountry "NET"]
[Tiebreak "Koya+Number of black wins+Number of wins"]
[SourceTitle "playchess.com"]
[Source "ChessBase"]
[SourceQuality "1"]

{[%evp 24,63,26,16,23,7,23,16,26,16,25,25,71,73,57,64,112,114,120,114,116,120,
115,106,218,222,191,84,247,185,427,421,407,416,408,394,451,274,1039,831,29982,
29983]} 1. d4 Nf6 2. Bg5 e6 3. Nd2 d5 4. e3 c5 5. c3 Nc6 6. Ngf3 Be7 7. Bd3 O-O
8. O-O b6 9. Ne5 Nxe5 10. dxe5 Nd7 11. Bxe7 Qxe7 12. f4 Bb7 13. Qh5 {[%csl Gd3]
[%cal Rh5h7] [#]} g6 {D03: 1 d4 d5 2 Nf3 Nf6 3 Bg5, including Torre Attack
with early ...d5.} 14. Qh6 f6 15. exf6 Nxf6 {The position is equal.} 16. Qg5 a5
17. Rae1 {[#]} Ba6 $146 ({Predecessor:} 17... Rf7 18. Rd1 Nd7 19. Qg3 c4 20.
Bc2 b5 21. Nf3 b4 22. h4 Rg7 23. Rf2 Rf8 {1/2-1/2 (46) Manarin,F (1987)
-Vahvaselkae,J (2032) ICCF email 2017}) 18. Bxa6 Rxa6 19. e4 {e5 is the strong
threat.} Qf7 20. f5 exf5 21. exf5 b5 22. fxg6 Qxg6 23. Qe5 Ra7 (23... Kh8 $16)
24. Re3 $18 ({Don't do} 24. Qd6 Raf7) 24... Rg7 {[%csl Gg7][%cal Rg6g2] [#]}
25. Rg3 (25. Rf2 $1 $18 {has better winning chances.}) 25... Qf7 $2 {Black
cannot hold the game after this.} (25... Qe8 $16 26. Rxg7+ Kxg7 27. Qc7+ Nd7)
26. Nb3 {[%cal Bd2b3,Bb3d4,Bd4f5][%mdl 32]} c4 $2 (26... Rxg3 {might work
better.} 27. Qxg3+ (27. hxg3 Qe8 $16) 27... Qg6) 27. Nd4 Rxg3 28. Qxg3+ ({
Weaker is} 28. hxg3 h6 $18) 28... Qg6 29. Qd6 {And now Nf5 would win.} Rf7 30.
Nf5 Qg5 $2 (30... Kh8 31. Qd8+ {[%mdl 64] Double Attack} Ng8) 31. Qe6 Kf8 32.
Nd6 {[%csl Gd6][%cal Re6f7][%mdl 64] Double Attack.  Weighted Error Value:
White=0.23/Black=0.87} 1-0

[Event "Goldmoney Asian Rapid Prelims 2021"]
[Site "Chess24"]
[Date "2021.06.24"]
[Round "6.6"]
[White "Adhiban, B.."]
[Black "Firouzja, Alireza"]
[Result "0-1"]
[WhiteElo "2660"]
[BlackElo "2759"]
[Annotator "TA"]
[PlyCount "94"]
[EventDate "2021.06.26"]
[EventType "tourn"]
[EventCountry "NET"]
[Tiebreak "Koya+Number of black wins+Number of wins"]
[SourceTitle "playchess.com"]
[Source "ChessBase"]
[SourceQuality "1"]

{[%evp 14,94,0,0,4,-25,0,-12,-20,-27,-27,-29,0,-11,-4,-18,-10,-87,-75,-162,
-121,-126,-90,-89,-85,-68,-85,-72,-25,-171,-122,-284,-284,-286,-289,-266,-254,
-295,-296,-234,-36,-66,0,-304,-291,-285,-247,-215,-220,-303,-321,-332,-321,
-327,-322,-321,-295,-325,-308,-316,-298,-293,-233,-422,-396,-408,-399,-679,
-674,-672,-665,-1987,-1915,-2180,-2656,-1310,-5014,-5006,-4922,-29990,-29991,
-29991,-29992]} 1. d4 Nf6 2. c4 e6 3. Nc3 Bb4 4. e3 c5 5. a3 Bxc3+ 6. bxc3 b6
7. Bd3 Nc6 8. e4 d6 {E26: Nimzo-Indian: Sämisch: 5...c5 6 e3.} 9. Ne2 O-O 10.
Bg5 h6 {The position is equal.} 11. Bh4 e5 12. f3 Re8 13. O-O g5 14. Bf2 Nh5 {
[#]} 15. g3 $146 (15. d5 $11 Na5 16. Qc2) ({Predecessor:} 15. Ng3 Nf4 16. Nf5
Bxf5 17. exf5 Nxd3 18. Qxd3 Qf6 19. d5 Na5 20. Qe4 Kg7 21. h4 {1/2-1/2 (47) Li,
R (2391)-Bui,V (2485) Singapore 2006}) 15... Bh3 $17 16. f4 (16. d5 $17 {
was worth a try.} Qf6 17. Be3 Bxf1 18. Qxf1) 16... Bxf1 17. Qxf1 Nf6 18. fxg5
Ng4 19. d5 Na5 $36 {[%mdl 2048] Black is on the roll.} (19... Nxf2 20. Qxf2 Na5
21. gxh6 $11) 20. gxh6 Qg5 (20... Nb3 {is more complex.} 21. Rd1 Qg5 22. Qg2
Nd2 23. h7+ Kg7) 21. Rd1 (21. h3 $1 $11 {and White stays safe.} Nxf2 22. Qxf2)
21... Qxh6 {[%csl Gg4][%cal Rh6h2]} 22. h4 (22. h3 $17 Nxf2 23. Qxf2) 22... f5
$19 {And now ...fxe4 would win.} 23. Qh3 Nxf2 24. Kxf2 fxe4 25. Qg4+ Kh8 26.
Qxe4 Rf8+ $2 (26... Rg8 $1 $19 {Hoping for ...Rg7.} 27. Kg2 Raf8) 27. Kg2 $1
$15 Rf6 (27... Qg7 $1 $15) 28. Rf1 $2 {[%mdl 8192] Black converts the
advantage convincingly.} (28. Ng1 $1 $11 {and White is okay.}) 28... Rxf1 $19
29. Kxf1 Rf8+ 30. Kg2 {[#]} Nb3 $1 31. Ng1 Nd2 32. Qg4 {intending Nh3.} Rg8 33.
Qe6 {[#]} Qxe6 34. dxe6 {[%mdl 4096] Endgame KRN-KBN} e4 35. Be2 Rg6 36. Nh3 {
aiming for e7.} Rxe6 37. Nf4 Rf6 38. Kf2 $2 (38. Nd5 Re6 39. Nf4) 38... Nb1 $1
{[%csl LRa3,LRc3][%mdl 64] Double Attack} 39. Ke3 Nxc3 40. Bg4 $2 (40. Kd2 Nxe2
41. Kxe2) 40... b5 {[%mdl 64] Overworked Piece} 41. cxb5 d5 42. Bd7 d4+ 43. Kd2
c4 44. Bc6 e3+ 45. Kc2 {[#]} Ne2 $1 {[%mdl 512]} 46. Nd5 (46. b6 axb6) 46...
Rf2 47. Kd1 Nxg3 {Weighted Error Value: White=0.74/Black=0.14} 0-1

[Event "Goldmoney Asian Rapid Prelims 2021"]
[Site "Chess24"]
[Date "2021.06.24"]
[Round "6.7"]
[White "Ding, Liren"]
[Black "Vidit, Santosh Gujrathi"]
[Result "1/2-1/2"]
[WhiteElo "2799"]
[BlackElo "2726"]
[Annotator "TA"]
[PlyCount "90"]
[EventDate "2021.06.26"]
[EventType "tourn"]
[EventCountry "NET"]
[Tiebreak "Koya+Number of black wins+Number of wins"]
[SourceTitle "playchess.com"]
[Source "ChessBase"]
[SourceQuality "1"]

{[%evp 23,90,25,39,21,26,18,39,11,24,12,20,8,17,0,9,0,0,0,14,18,14,22,16,25,15,
0,0,-7,0,-26,-33,-33,-33,-38,-43,-52,0,0,0,0,0,0,0,0,0,0,0,0,0,0,0,0,0,0,0,0,0,
0,0,0,0,0,0,0,0,0,0,0,0]} 1. c4 c5 2. Nf3 Nc6 3. e3 e6 4. d4 d5 5. cxd5 exd5 6.
Bb5 Nf6 7. O-O cxd4 8. exd4 Be7 9. Ne5 Bd7 10. Nc3 O-O 11. Re1 Rc8 12. Bg5 Be6
13. Rc1 {[#] B14: Caro-Kann: Panov-Botvinnik Attack with 5...e6 and 5...g6.}
Nd7 $146 ({Predecessor:} 13... Qb6 14. Bxc6 bxc6 15. Na4 Qb5 16. Nc5 Rc7 17.
Qe2 Qxe2 18. Rxe2 Bxc5 19. dxc5 Ne4 20. Be3 h6 {1/2-1/2 (58) Schmidt,W (2249)
-Wehrle,U (2134) Baden 2012}) 14. Bxe7 Nxe7 15. Bxd7 {White is slightly better.
} Bxd7 16. Qb3 Bc6 17. Qa3 a6 18. Nd1 f6 19. Nxc6 Nxc6 20. Ne3 Qd7 21. Rc5 Ne7
22. h3 Rxc5 23. dxc5 Rd8 24. Qd3 Qb5 25. Qc2 Rc8 26. Nf5 Nxf5 27. Qxf5 {
[%mdl 64] [#] Double Attack} Qxc5 $11 {[%mdl 4096] Endgame KQR-KQR} 28. b4 Qc6
29. Re7 Re8 ({Better is} 29... g6 $15 30. Qf4 Qc1+ 31. Qxc1 Rxc1+ 32. Kh2 Rc2)
30. Rxe8+ {The position is equal.} Qxe8 31. Qxd5+ {[%mdl 64] [#] Double Attack.
KQ-KQ} Qf7 32. Qd8+ Qf8 33. Qb6 Qe7 34. a4 Kf7 35. g3 Qe1+ 36. Kh2 Qe4 37. b5
axb5 38. axb5 Qf3 39. Qc5 g5 (39... Kg6 {is interesting.} 40. Qc2+ Qf5 41. Qe2
Qd5 42. Qe8+ Kh6) 40. b6 h5 (40... Kg6 {looks sharper.} 41. Qd4 h6 42. Qc5 Kf7
43. Qc4+ Kg7) 41. Qc7+ Kg6 42. Qc2+ Kg7 43. Qc7+ Kg6 44. Qc2+ Kg7 45. Qc7+ Kg6
{Weighted Error Value: White=0.05/Black=0.04} 1/2-1/2

[Event "Goldmoney Asian Rapid Prelims 2021"]
[Site "Chess24"]
[Date "2021.06.24"]
[Round "6.8"]
[White "Gukesh D"]
[Black "Erigaisi Arjun"]
[Result "1/2-1/2"]
[WhiteElo "2578"]
[BlackElo "2567"]
[Annotator "TA"]
[PlyCount "127"]
[EventDate "2021.06.26"]
[EventType "tourn"]
[EventCountry "NET"]
[Tiebreak "Koya+Number of black wins+Number of wins"]
[SourceTitle "playchess.com"]
[Source "ChessBase"]
[SourceQuality "1"]

{[%evp 14,127,25,17,18,18,26,30,32,30,26,27,38,28,24,12,33,18,21,23,59,42,84,0,
0,0,15,18,16,0,17,23,18,25,16,31,31,29,25,30,29,0,79,75,120,86,74,76,81,55,61,
57,58,58,58,66,62,51,72,60,64,60,57,47,47,15,37,15,15,15,15,15,15,15,15,8,8,6,
15,8,8,4,15,15,15,15,15,15,15,15,15,15,15,0,15,0,15,0,0,0,0,0,0,0,0,0,0,0,0,0,
0,0,0,0,0,0]} 1. d4 Nf6 2. c4 e6 3. Nf3 d5 4. Nc3 Bb4 5. Bg5 h6 6. Qa4+ Nc6 7.
Bxf6 Qxf6 8. e3 O-O {D38: Queen's Gambit Declined: Ragozin Defence (4 Nf3 Bb4).
} 9. Be2 Bd7 {[#] And now ...Nxd4 would win.} 10. Qb3 dxc4 {White has an edge.}
11. Qxc4 Bd6 12. O-O e5 13. d5 Na5 14. Qd3 Qe7 {[#]} 15. Nd2 $146 ({
Predecessor:} 15. Qc2 a6 16. Ne4 b5 17. Rac1 Nb7 18. Nxd6 cxd6 19. b4 Rfc8 20.
Qb2 f5 21. Rxc8+ Rxc8 {1-0 (49) Bosiocic,M (2629)-Brkic,A (2572) Tuzla 2019})
15... f5 16. e4 f4 17. a3 {[#] aiming for b4.} c5 18. dxc6 (18. Nb5 $16) 18...
Nxc6 $11 19. Nd5 Qe6 20. Nf3 Rad8 21. Rfd1 Be8 22. Qb3 Kh8 23. Qxb7 Rb8 24. Qa6
{Hoping for b4.} Rxb2 25. Rac1 Nd4 26. Nxd4 exd4 27. Bf3 Qe5 (27... Bb5 $11 {
keeps the balance.} 28. Qxa7 Be2) 28. Qxa7 $16 Bg6 29. Qxd4 Qxd4 30. Rxd4 Bxa3
31. Rd3 Ra2 32. Rcd1 Bc5 33. R3d2 Rxd2 34. Rxd2 Bd6 35. h4 Bf7 36. Rc2 g5 37.
Rc6 Rd8 38. hxg5 hxg5 39. Bg4 Kg7 40. Kf1 (40. Nb6 {feels hotter.} Be5 41. Nd7
Bd4 42. Rd6 Ba1 43. Rd1) 40... Bxd5 {The position is equal.} 41. exd5 $11 {
[%mdl 4096] Endgame KRB-KRB} Kf6 42. Be6 Ke5 43. Rc2 Rb8 44. Ke2 Rb3 45. Rc8
Ke4 46. f3+ Kd4 47. Kf2 Ke5 48. Kg1 Rb1+ 49. Kh2 Rb8 50. Rc4 Rb7 51. Re4+ Kf6
52. Bh3 Re7 53. Rc4 Rc7 54. Re4 {Black must now prevent Re6+.} Re7 55. Ra4 Rh7
56. Kg1 Ke5 57. Be6 Bc5+ 58. Kf1 Rh1+ 59. Ke2 Rg1 60. Kd3 Rxg2 61. Kc4 Rc2+ 62.
Kb5 Rc3 63. Rc4 Rxc4 64. Kxc4 {Weighted Error Value: White=0.08/Black=0.07}
1/2-1/2

[Event "Goldmoney Asian Rapid Prelims 2021"]
[Site "Chess24"]
[Date "2021.06.24"]
[Round "7.1"]
[White "Erigaisi Arjun"]
[Black "Aronian, Levon"]
[Result "0-1"]
[WhiteElo "2567"]
[BlackElo "2781"]
[Annotator "TA"]
[PlyCount "104"]
[EventDate "2021.06.26"]
[EventType "tourn"]
[EventCountry "NET"]
[Tiebreak "Koya+Number of black wins+Number of wins"]
[SourceTitle "playchess.com"]
[Source "ChessBase"]
[SourceQuality "1"]

{[%evp 23,104,17,18,10,22,19,16,27,26,25,16,0,0,0,2,0,17,12,3,5,15,12,57,57,57,
56,56,56,57,43,41,41,41,41,41,41,41,41,56,57,99,99,99,99,108,61,120,117,114,
116,116,15,13,0,0,0,0,-8,-8,-8,0,0,0,-8,-8,-751,-720,-879,-827,-1362,-1287,
-2344,-4710,-2024,-1988,-4610,-2246,-29976,-29974,-29980,-29980,-29980,-6115]} 
1. d4 Nf6 2. c4 e6 3. g3 d5 4. Bg2 dxc4 5. Nf3 c5 6. O-O Nc6 7. dxc5 Qxd1 8.
Rxd1 Bxc5 9. Nbd2 c3 10. bxc3 O-O 11. Nb3 Be7 12. c4 Bd7 13. Bb2 {E04: Open
Catalan: 5 Nf3.} Rfc8 $5 {[%mdl 4] Leaves trodden paths.} 14. Bxf6 Bxf6 15.
Rxd7 {The position is equal.} Bxa1 16. Nxa1 Rd8 17. Rd2 Ne5 {...Nxf3+ is the
strong threat.} 18. Nb3 (18. Nxe5 $2 Rxd2 19. Nb3 Rxe2 $19) (18. Rxd8+ {
keeps more tension.} Rxd8 19. Ne1 Rd2 20. Nac2 b6 21. f4) 18... Nxc4 {[#]} 19.
Rd4 $146 ({Predecessor:} 19. Rc2 Rd1+ 20. Bf1 Rc8 21. Nbd2 b5 22. a4 Nb6 23.
Rxc8+ Nxc8 24. axb5 Nd6 25. e3 Nxb5 {1/2-1/2 (56) Nakamura,H (2736)
-Praggnanandhaa,R (2608) chess24.com INT 2021}) 19... Rxd4 20. Nfxd4 Nd6 21. f4
Rc8 22. e4 b6 23. e5 Nf5 24. Nc6 Kf8 25. Kf2 Ke8 26. Be4 Rc7 27. g4 Ne7 28.
Nbd4 Kd7 {[%cal Re7c6]} 29. Nxe7 Kxe7 30. Bc6 a6 31. Ke3 b5 32. h4 g6 33. Kd3
Rc8 34. Kc3 f6 {[#]} ({Black should try} 34... h5 $14) 35. Kb4 $1 $16 fxe5 36.
fxe5 Rf8 {[#]} 37. Kc5 ({Better is} 37. Bb7 $1 $16) 37... Rf2 $1 $11 38. Bb7
Rxa2 39. Bc8 Ra1 {Strongly threatening ...Rc1+.} 40. Bxe6 Rc1+ 41. Kd5 b4 {
aiming for ...b3!} 42. Bg8 a5 {[%cal Ba6a5,Ba5a4,Ba4a3][%mdl 32] Hoping for ...
a4.} 43. Bxh7 {Threatens to win with Nc6+.} a4 {And now ...a3 would win.} 44.
h5 $2 {[%mdl 8192] Loses the game.} ({But not} 44. Bxg6 $2 a3 $19) (44. Nc6+
$11 Kf8 45. e6 (45. Nxb4 Rb1 $15) (45. Bxg6 b3 $17) 45... Rxc6 46. Kxc6) 44...
gxh5 $19 45. Nf5+ Kd8 46. e6 a3 47. e7+ Kd7 48. Bg6 Re1 ({Not} 48... Rd1+ 49.
Kc5 $15) 49. e8=Q+ Rxe8 50. Bxe8+ Kxe8 {Black mates.} 51. Nd4 hxg4 52. Ke4 Kd7
{Weighted Error Value: White=0.80/Black=0.04} (52... a2 $142 53. Nb3 Ke7 54.
Kf4 Ke6 55. Kg3 Kd5 56. Kf2 g3+ 57. Kxg3 Kc4 58. Na1 Kc3 59. Kh2 Kb2 60. Kh3
Kxa1 61. Kg4 b3 62. Kg3 Kb2 63. Kh4 Kc3 64. Kh3 b2 65. Kg4 b1=Q 66. Kh4 Qg6 67.
Kh3 a1=Q 68. Kh2 Qag1+ 69. Kh3 Qh7#) 0-1

[Event "Goldmoney Asian Rapid Prelims 2021"]
[Site "Chess24"]
[Date "2021.06.24"]
[Round "7.2"]
[White "Vidit, Santosh Gujrathi"]
[Black "Gukesh D"]
[Result "0-1"]
[WhiteElo "2726"]
[BlackElo "2578"]
[Annotator "TA"]
[PlyCount "74"]
[EventDate "2021.06.26"]
[EventType "tourn"]
[EventCountry "NET"]
[Tiebreak "Koya+Number of black wins+Number of wins"]
[SourceTitle "playchess.com"]
[Source "ChessBase"]
[SourceQuality "1"]

{[%evp 9,74,27,25,29,30,11,10,19,20,25,26,0,0,0,29,33,33,33,87,70,70,67,93,89,
127,94,154,147,144,158,162,81,85,78,111,122,114,103,110,89,93,39,93,76,101,0,0,
-20,-16,-22,0,0,0,0,14,0,0,-602,-602,-577,-448,-608,-603,-726,-740,-4917,-1705]
} 1. d4 d5 2. c4 e6 3. Nc3 a6 4. cxd5 exd5 5. Nf3 Nf6 6. Bg5 {D37: Queen's
Gambit Declined: 5 Bf4.} Be6 7. Bxf6 Qxf6 8. Qb3 {The position is equal.} Ra7
$1 {The main line 8...Ra7 scores better than 8...b5.} 9. a3 Qd8 10. h4 h6 11.
Qc2 Bd6 12. e4 dxe4 13. Qxe4 {[#] Strongly threatening d5.} Kf8 $146 (13... Qe7
$14) ({Predecessor:} 13... Qe7 14. O-O-O Bb3 15. Qxe7+ Kxe7 16. Re1+ Kd8 17.
Bd3 Nd7 18. Bf5 g6 19. Bh3 a5 {0-1 (60) Vidit,S (2726)-Le,Q (2709) chess24.com
INT 2021}) 14. O-O-O Nd7 15. Ne5 Qe7 16. f4 Nf6 17. Qc2 c5 (17... c6 $142) 18.
dxc5 $1 $16 Bxe5 19. fxe5 Nd7 20. Qf2 (20. Ne4 $1 $18) 20... Ra8 21. Ne4 Nxe5
22. Nd6 h5 23. Be2 Rh6 24. Rhe1 Qc7 25. Kb1 (25. Qd4 $16 Nd7 26. b4) 25... Kg8
({Better is} 25... Rf6 $14 26. Qe3 Nd7) 26. Qe3 Nd7 27. Rc1 (27. b4 $16) 27...
b6 $1 $11 {[%cal Rd7c5]} 28. Bf3 Rb8 {[%cal Rd7c5]} 29. Ne4 Bf5 30. Ka1 {
And now c6! would win.} Re6 31. cxb6 Qe5 32. Qc3 {Hoping for b7.} Rexb6 33. Ng3
$2 {[%mdl 8192]} Qxg3 $19 {Black is clearly winning.} 34. Re2 Nf6 35. Qa5 Qf4
36. Rce1 Rb5 37. Qxa6 {[#]} Qd4 {Quite a comeback for Black.  Weighted Error
Value: White=0.67/Black=0.13} (37... Rxb2 $142 $3 {[%mdl 512]} 38. Rxb2 Rxb2
39. Qxf6 {[#]} Ra2+ $3 {[%mdl 576] Decoy, Zwischenzug} 40. Kxa2 Qc4+ 41. Ka1
gxf6 42. Re8+ Kg7) 0-1

[Event "Goldmoney Asian Rapid Prelims 2021"]
[Site "Chess24"]
[Date "2021.06.24"]
[Round "7.3"]
[White "Firouzja, Alireza"]
[Black "Ding, Liren"]
[Result "0-1"]
[WhiteElo "2759"]
[BlackElo "2799"]
[Annotator "TA"]
[PlyCount "72"]
[EventDate "2021.06.26"]
[EventType "tourn"]
[EventCountry "NET"]
[Tiebreak "Koya+Number of black wins+Number of wins"]
[SourceTitle "playchess.com"]
[Source "ChessBase"]
[SourceQuality "1"]

{[%evp 9,72,8,13,7,17,14,16,5,10,19,12,5,7,7,20,15,6,14,7,0,0,4,8,0,4,0,0,0,21,
0,17,21,38,10,25,9,61,55,31,-6,0,-7,-5,-13,-12,-8,-12,-7,-7,-7,-7,-9,-9,-9,-9,
-81,-31,-766,-787,-760,-760,-736,-721,-29995,-29996]} 1. d4 Nf6 2. Nf3 d5 3.
Bf4 c5 4. e3 e6 5. Nbd2 Qb6 6. Rb1 {D02: 1 d4 d5 2 Nf3 sidelines, including 2..
.Nf6 3 g3 and 2...Nf6 3 Bf4.} Bd6 {is cutting edge theory.} 7. dxc5 Qxc5 8. b4
{The position is equal.} Qc7 9. Bxd6 Qxd6 10. c4 O-O 11. Be2 {[#]} b6 $146 ({
Predecessor:} 11... a5 12. b5 b6 13. cxd5 exd5 14. O-O Nbd7 15. Qa4 Bb7 16.
Rfd1 Rac8 17. Bf1 Rfe8 {1/2-1/2 (60) Aronian,L (2781)-Dominguez Perez,L (2758)
chess24.com INT 2021}) 12. cxd5 Nxd5 13. Nc4 Qe7 {...Nc3 is the strong threat.}
14. Qb3 Bb7 15. O-O Nd7 16. Nd4 a6 17. Rfd1 Rac8 18. a4 Rc7 19. Bf1 Rfc8 20. e4
Nf4 21. f3 h5 22. Rb2 h4 (22... Ng6 $11) 23. Rbd2 $1 $14 Ng6 24. Nc2 h3 $1 {
[%cal Rh3g2] With the idea ...hxg2.} 25. g3 {Threatens to win with Nd6.} Nde5
$36 {[%mdl 2048] Black is more active.} 26. N2a3 Qf6 27. Rf2 b5 28. axb5 axb5
29. Nxe5 Nxe5 30. Nxb5 Rc1 31. Rxc1 $1 ({Of course not} 31. Bxh3 Rxd1+ 32. Qxd1
Rd8 $17) 31... Rxc1 32. Nd6 (32. Qe3 $11 Rd1 33. Qf4) 32... Qe7 {[%mdl 1024]
Black has strong compensation.} 33. Rd2 {[%mdl 8192] [#] This move loses the
game for White.} (33. Nxb7 $15 Qxb7 34. Qe3) 33... Ba6 $1 $19 {[%csl Ga6][%cal
Rc1f1]} 34. b5 Qa7+ 35. Rf2 {[#]} Qb6 $1 36. Qa3 (36. Qb2 Nd3) 36... Rc2 {
Weighted Error Value: White=0.45/Black=0.07} 0-1

[Event "Goldmoney Asian Rapid Prelims 2021"]
[Site "Chess24"]
[Date "2021.06.24"]
[Round "7.4"]
[White "Hou, Yifan"]
[Black "Adhiban, B.."]
[Result "1-0"]
[WhiteElo "2658"]
[BlackElo "2660"]
[Annotator "TA"]
[PlyCount "109"]
[EventDate "2021.06.26"]
[EventType "tourn"]
[EventCountry "NET"]
[Tiebreak "Koya+Number of black wins+Number of wins"]
[SourceTitle "playchess.com"]
[Source "ChessBase"]
[SourceQuality "1"]

{[%evp 15,109,14,27,-11,26,-6,20,0,4,-10,-5,-12,0,-16,14,4,14,14,11,0,0,0,0,-3,
35,35,36,30,33,28,45,43,44,35,41,-63,0,-70,-62,-88,-24,-106,-93,-160,120,125,
119,116,116,105,202,41,55,67,106,108,251,258,251,246,583,571,601,577,539,448,
1698,1196,1614,1339,29970,693,657,645,727,720,695,667,1202,1212,1071,1021,976,
917,1312,1257,1258,1247,1677,1578,4141,4141,4141,4141,1720,1242]} 1. e4 e5 2.
Nf3 Nc6 3. Bb5 a6 4. Ba4 Nf6 5. O-O Bc5 6. c3 b5 7. Bb3 d6 8. d3 O-O {8...h6
is the hot move.} 9. Be3 {C78: Ruy Lopez: Archangelsk and Möller Defences.} Bb6
10. h3 Ne7 11. Nbd2 {The position is equal.} Ng6 {[#]} 12. d4 $146 ({
Predecessor:} 12. a4 Rb8 13. d4 Qe7 14. a5 exd4 15. cxd4 Ba7 16. e5 Ne8 17. Bg5
Qd7 18. Re1 {1-0 (53) Arakhamia Grant,K (2426)-Bhatia,K (2091) Birmingham 2005}
) 12... c5 13. Re1 Bb7 14. Bc2 h6 15. a4 Re8 16. d5 c4 17. b3 (17. Ra3 {
with more complications.} Nd7 18. b3 cxb3 19. Rxb3 Bxe3 20. Rxe3 Nc5 21. Rb2)
17... cxb3 18. Nxb3 Bxe3 19. Rxe3 Rb8 20. axb5 axb5 21. Nfd2 Nf4 22. Na5 Nd7
23. c4 bxc4 {[#]} 24. Ba4 $1 Rf8 ({Reject} 24... Qxa5 $6 25. Bxd7 Qc5 26. Bxe8
$16) (24... c3 25. Ndc4) 25. Bc6 (25. Bxd7 $14 Qxd7 26. Naxc4) 25... Bc8 ({
Weaker is} 25... Qg5 26. Rg3 $18) ({Better is} 25... Ba6 $1 $15) 26. Naxc4 (26.
Bxd7 $11 Bxd7 27. Naxc4) 26... Nc5 $15 27. Ra7 Ba6 (27... Rb4 $17 28. Ra8 Qg5)
28. Kh2 (28. Qf1 $11 {keeps the balance.}) 28... Rb4 $17 29. Qc2 {[#]} ({
White should try} 29. Rc3) 29... Qb8 $2 (29... Qf6 $1 $17 {keeps the pressure
on. Threatens to win with ...Rfb8.} 30. Qa2 Bxc4 31. Nxc4 h5) 30. Ra8 $16 Qc7
31. Rxf8+ Kxf8 {[#]} 32. Nxe5 $1 {[%mdl 512]} Qe7 {[#]} (32... f6 $16 {might
work better.} 33. Nec4 Kg8) 33. Nef3 $2 ({White has to play} 33. Nec4 $1 $18 {
Strongly threatening e5.} f6 34. e5 fxe5 35. g3 Bxc4 36. Nxc4) 33... Nfd3 $14
34. Qc3 Qf6 35. Qa3 {Rxd3! is the strong threat.} ({Don't play} 35. Qxf6 $6
gxf6 36. Nh4 Nxf2 $11) 35... Kg8 {[#] This move loses the game for Black.} (
35... g6 $16) 36. Rxd3 $1 $18 {[%mdl 576] Deflection} Nxd3 37. Qxa6 Nxf2 (37...
Ne5 38. Qc8+ Kh7) 38. Qe2 Nxe4 39. Nxe4 Qf4+ 40. Ng3 h5 (40... g6 $142 41. h4
h5 42. Qe8+ Kg7) 41. Qe8+ Kh7 42. h4 g6 43. Qe7 (43. Qf8 $142 f6 44. Qf7+ Kh8
45. Qxg6 Qg4 46. Qh6+ Kg8 47. Nxh5 Rf4 48. Nxf4) 43... Kg7 {White is clearly
winning.} 44. Qg5 Qxg5 45. hxg5 f6 46. Bd7 fxg5 47. Nxg5 Kf6 48. N3e4+ Ke5 49.
Be6 Kf4 50. g3+ Ke5 51. Kh3 Ra4 52. Nc3 Ra5 53. Nf3+ Kf6 54. Ne4+ {[%mdl 64]
Double Attack} Ke7 55. Nh4 {Weighted Error Value: White=0.40/Black=0.61} 1-0